GULLİVER İN GEZİLERİ (Record no. 796701)

MARC details
000 -LEADER
sabit uzunluktaki kontrol alanı 00255nam a2200097Ia 4500
001 - KONTROL NUMARASI
kontrol alanı 796701
005 - EN SON İŞLEMİN TARİH VE ZAMANI
kontrol alanı 20250826170753.0
008 - SABİT-UZUNLUKTA VERİ ÖĞELERİ--GENEL BİLGİ
sabit uzunluktaki kontrol alanı 250824s9999 xx 000 0 und d
245 #0 - ESER / YAZAR
ESER ADI GULLİVER İN GEZİLERİ
Yazar Adı JONATHAN SWİFT
260 ## - YAYIN, DAĞITIM, VB.
YAYIN EVİ SEDİR YAYINLARI A.Ş.
Holdings
Düşüm durumu Kayıp durumu Hasar Durumu Ödünç verilmez Ana kütüphane Geçerli Kütüphane Edinilen tarih Toplam ödünç verme sayısı Barkod Son görüntüleme tarihi Fiyatın geçerli olmaya başladığı tarih Koha materyal türü
        CEMİLE ERKUNT İLKOKULU CEMİLE ERKUNT İLKOKULU 24.08.2025   10234101 26.08.2025 26.08.2025 Books